000
00267cas a22001097 4500
040
_c
CtY
082
_a
633 S.N 1992 A040 Or.
245
0
0
_a
A seringueira :
_b
boletim do syndicato agricola club da seringueira.
260
_a
[S.l. :
_b
s.n.]
300
_a
v.
942
_c
EK
999
_c
12254
_d
12254